000 00478nam a22001577a 4500
003 MPLRDC
005 20220104142819.0
008 210129b ||||| |||| 00| 0 eng d
082 _a063.8861 FJST 1957-1987
100 _a傅孙中主席
245 _a马来西亚福建社团联合会三十周年纪念特刊. 1957-1987
_c
260 _a
_b马来西亚福建社团联合会
_c1987
300 _b
650 _a马来西亚普通会社
942 _cBK
_o063.8861 FJST 1957-1987
999 _c33929
_d33919